000 00976nam a2200253Ia 4500
003 OSt
005 20221005111132.0
006 a|||||r|||| 00| 0
007 ta
008 221004b |||||||| |||| 00| 0 hin d
020 _a8170551315 (hbk)
_c850
024 _a97366
037 _b1330, 02/03/2009, Pioneer Books Distributors
_cTextual
040 _aCRL
_cCRL
_bhin
041 _2hin
_ahin
082 _aY:1.45, 152P2
100 _aतिवारी, मधुकर, संपा.
245 0 _aईरान
_b सभ्यता एंव सस्कृति की एक झलक
246 _aĪrāna: sabhyatā eanva saskṛuti kī ek zalaka
260 _aनई दिल्ली
_bवाणी प्रकाशन भारत
_c2002
300 _a160पृ0
_ccm.
942 _hY:1.45, 152P2
_cTEXL
_2cc
999 _c1020919
_d1020919